000 00365 a2200133 4500
001 91635
082 _aPR 1601
090 _c43790
_d43789
100 _aTauqeer; Prof Sikander Hayat and Shakeel Alvi, Advisors
245 _aModification of Aerial Target Drone Baaz
_n52 "B' EC
260 _aRawalpindi
_bNUST
_c2000
300 _a60p
500 _aBE Project Reports
942 _aCAE NUST
_kPR 1601
999 _c326708
_d326708